Gran diccionario de sinónimos, antónimos e ideas afines. Incluye: americanismos, parónimos, homónimos, ilativos

Uloženo v:
Podrobná bibliografie
Hlavní autor: Morrison, Tirso R. M. (autor)
Médium: Kniha
Jazyk:španělština
Vydáno: Barcelona Bibliográfica Internacional 2000
Témata:
Tagy: Přidat tag
Žádné tagy, Buďte první, kdo vytvoří štítek k tomuto záznamu!

MARC

LEADER 00000nam a2200000 a 4500
001 UCK1572
003 CL-VaPUC
008 041119e20000000SP |||||||||||||||||spa|d
020 |a 9567240264 
082 0 4 |a 463  |b MOR  |2 21 
100 |a Morrison, Tirso R. M.  |e autor  |9 541595 
245 1 0 |a Gran diccionario de sinónimos, antónimos e ideas afines. Incluye: americanismos, parónimos, homónimos, ilativos 
300 |a 536 p 
942 |c BK 
945 |d 20041119 00:00:00  |a cmena 
260 |a Barcelona  |b Bibliográfica Internacional  |c 2000 
650 0 |a Diccionarios  |9 256200 
650 0 |a Idioma español  |9 309143 
650 0 |a Sinónimos  |9 342614 
650 0 |a Antónimos   |9 357480 
583 |a last modification  |c 20041119 00:00:00  |k Rodrigo Vera 
999 |c 311482  |d 311480 
952 |0 0  |1 0  |4 0  |6 463_000000000000000_MOR_2000  |7 0  |8 F  |9 380881  |a BIBARQ  |b BIBARQ  |d 2019-11-21  |i 4079027  |o 463 MOR 2000  |p 4079027  |r 2025-01-20  |w 2019-11-21  |y BK_F  |k ARQ